<?xml version="1.0" encoding="UTF-8"?>
<record
    xmlns:xsi="http://www.w3.org/2001/XMLSchema-instance"
    xsi:schemaLocation="http://www.loc.gov/MARC21/slim http://www.loc.gov/standards/marcxml/schema/MARC21slim.xsd"
    xmlns="http://www.loc.gov/MARC21/slim">

  <leader>04232nam a2200265   4500</leader>
  <controlfield tag="001">113589</controlfield>
  <controlfield tag="003">DR-UNIBE</controlfield>
  <controlfield tag="005">20250509134740.0</controlfield>
  <controlfield tag="008">250509b        ho ||||| |||| 00| 0 spa d</controlfield>
  <datafield tag="040" ind1=" " ind2=" ">
    <subfield code="a">BIBLIOTECA UNIBE</subfield>
    <subfield code="c">BIBLIOTECA UNIBE</subfield>
  </datafield>
  <datafield tag="041" ind1=" " ind2=" ">
    <subfield code="a">spa</subfield>
  </datafield>
  <datafield tag="082" ind1=" " ind2=" ">
    <subfield code="2">22</subfield>
    <subfield code="a"> 345.7283 R426m</subfield>
  </datafield>
  <datafield tag="110" ind1="1" ind2="0">
    <subfield code="a">Republica de Honduras. Corte Suprema de Justicia</subfield>
    <subfield code="9">195153</subfield>
  </datafield>
  <datafield tag="245" ind1="1" ind2="0">
    <subfield code="a">Manual pr&#xE1;ctico de autos, resoluciones y sentencias de C&#xF3;digo procesal civil /</subfield>
    <subfield code="c">Corte Suprema de Justicia </subfield>
  </datafield>
  <datafield tag="260" ind1=" " ind2=" ">
    <subfield code="a">Tegucigalpa:</subfield>
    <subfield code="b">[Editor no identificado],     </subfield>
    <subfield code="c">[Fecha no identificada]</subfield>
  </datafield>
  <datafield tag="300" ind1=" " ind2=" ">
    <subfield code="a">295 p&#xE1;ginas:</subfield>
    <subfield code="c">27 x 221 cm</subfield>
  </datafield>
  <datafield tag="500" ind1=" " ind2=" ">
    <subfield code="a">Al inicio de la obra foto de los integrantes de la Corte Suprema de Justicia periodo 2009-2016, en otra p&#xE1;gina antes del &#xED;ndice los nombres  del equipo de trabajo y de apoyo</subfield>
  </datafield>
  <datafield tag="505" ind1=" " ind2=" ">
    <subfield code="a">Introducci&#xF3;n |
1, Medidas cautelares |
2.Tercer&#xED;a de dominio |
3. Tercer&#xED;a de preferencia |
4. Ejecuciones hipotecarias |
5. Ejecuciones prendarias |
6. Incidente de tramitaci&#xF3;n general, car&#xE1;cter suspensivo |
7. Incidente de tramitaci&#xF3;n general, car&#xE1;cter no suspensivo |
8. Publicaci&#xF3;n total o parcial de la sentencia de t&#xED;tulo judicial |
9. Diligencia preparatoria |
10. Liquidaci&#xF3;n de frutos o rentas |
11. Ejecuci&#xF3;n de obligaciones de hacer infungible o personal&#xED;simo de t&#xED;tulo judicial |
12. Ejecuci&#xF3;n de obligaciones de hacer no personal&#xED;simas de t&#xED;tulo judicial |
13. Ejecuci&#xF3;n de obligaciones de no hacer de t&#xED;tulo judicial |
14. Ejecuci&#xF3;n provisional de t&#xED;tulo judicial |
15. Ejecuci&#xF3;n forzosa |
16. Ejecuci&#xF3;n de obligaciones de hacer infungible no personal&#xED;simo de t&#xED;tulo extrajudicial |
17.  Ejecuci&#xF3;n de obligaciones de hacer no personal&#xED;simo de t&#xED;tulo extrajudicial |
18.  Ejecuci&#xF3;n de obligaciones de hacer de t&#xED;tulo extrajudicial |
19. Proceso abreviado |
20. Liquidaci&#xF3;n de da&#xF1;os y perjuicios |
21. Ejecuci&#xF3;n de rendici&#xF3;n de cuentas |
22. Proceso monitorio |
23. Peritaje oficial a petici&#xF3;n de parte en el proceso ordinario |
24. Peritaje oficial ordenado por el &#xF3;rgano jurisdiccional en el proceso ordinario |
25. Proceso ordinario |
26. Medios de impugnaci&#xF3;n |
27. Oposici&#xF3;n prendaria |
28. Oposici&#xF3;n de t&#xED;tulo extrajudicial |
29. Oposici&#xF3;n hipotecaria |
30. Ejecuci&#xF3;n de obligaciones de efectuar declaraciones de voluntad t&#xED;tulo extrajudicial |
31. Ejecuci&#xF3;n de obligaciones de efectuar declaraciones de voluntad t&#xED;tulo judicial |
32. Pretensiones colectivas especialidad del proceso ordinario |
33. Tutela sumaria |
34.  Ejecuci&#xF3;n de obligaciones de entrega de cosas muebles determinadas de t&#xED;tulo judicial |
35.  Ejecuci&#xF3;n de obligaciones de entrega de cosas gen&#xE9;ricas &#xF3; indeterminadas de t&#xED;tulo judicial |
36. Ejecuci&#xF3;n por cantidad de dinero de t&#xED;tulo extrajudicial |
37. Pretensiones derivadas de accidente de tr&#xE1;nsito, especialidad del proceso abreviado |
38. Demanda mediante formulario normalizado. especialidad del proceso abreviado |
39. Propiedad horizontal, especialidad del proceso abreviado |
40. Rectificaci&#xF3;n de hechos o informaciones inexactas y perjudiciales especialidad del proceso abreviado
 41. Pretensi&#xF3;n posesoria para la suspensi&#xF3;n de una obra nueva especialidad del proceso abreviado |
42. Pretensi&#xF3;n posesoria de tenencia o posesi&#xF3;n de una cosa o derecho de especialidad del proceso abreviado |
43. Arrendamientos financieros y venta de bienes muebles a plazo de especialidad del proceso abreviado |
44. Calificaci&#xF3;n registral, especialidad del proceso abreviado |
45. Pretensi&#xF3;n posesoria para la demolici&#xF3;n de una obra, edificio, &#xE1;rbol o columna o cualquier otro objeto an&#xE1;logo en estado de ruina, especialidad del proceso abreviado |
46. Expiraci&#xF3;n del arrendamiento deslinde y amojonamiento, especialidad del proceso abreviado |
49. Pretensiones posesorias adquirida por herencia, especialidad del proceso abreviado</subfield>
  </datafield>
  <datafield tag="650" ind1=" " ind2="7">
    <subfield code="2">lemb</subfield>
    <subfield code="a">Resoluciones </subfield>
    <subfield code="x">Manuales</subfield>
    <subfield code="z">Honduras</subfield>
    <subfield code="9">195167</subfield>
  </datafield>
  <datafield tag="650" ind1=" " ind2="7">
    <subfield code="2">lemb</subfield>
    <subfield code="a">Sentencias</subfield>
    <subfield code="x">Manuales</subfield>
    <subfield code="z">Honduras</subfield>
    <subfield code="9">195168</subfield>
  </datafield>
  <datafield tag="650" ind1=" " ind2="7">
    <subfield code="2">lemb</subfield>
    <subfield code="a">Autos(Derecho)</subfield>
    <subfield code="x">Manuales</subfield>
    <subfield code="z">Honduras</subfield>
    <subfield code="9">195169</subfield>
  </datafield>
  <datafield tag="700" ind1="1" ind2="0">
    <subfield code="a">Rivera Avil&#xE9;s, Jorge</subfield>
    <subfield code="9">195155</subfield>
    <subfield code="e">introducci&#xF3;n</subfield>
  </datafield>
  <datafield tag="700" ind1="1" ind2="0">
    <subfield code="a">L&#xF3;pez, Edith Mar&#xED;a</subfield>
    <subfield code="9">195157</subfield>
    <subfield code="e">presentaci&#xF3;n</subfield>
  </datafield>
  <datafield tag="942" ind1=" " ind2=" ">
    <subfield code="2">ddc</subfield>
    <subfield code="c">BK</subfield>
  </datafield>
  <datafield tag="999" ind1=" " ind2=" ">
    <subfield code="c">113589</subfield>
    <subfield code="d">113589</subfield>
  </datafield>
  <datafield tag="952" ind1=" " ind2=" ">
    <subfield code="0">0</subfield>
    <subfield code="1">0</subfield>
    <subfield code="2">ddc</subfield>
    <subfield code="7">0</subfield>
    <subfield code="8">GEN</subfield>
    <subfield code="a">Principal</subfield>
    <subfield code="d">2025-04-08</subfield>
    <subfield code="l">0</subfield>
    <subfield code="o"> 345.7283 R426m</subfield>
    <subfield code="p">250391</subfield>
    <subfield code="r">2025-05-09 11:28:07</subfield>
    <subfield code="t">Ej. 1</subfield>
    <subfield code="w">2025-05-09</subfield>
    <subfield code="y">BK</subfield>
  </datafield>
</record>
